000 00505nam a2200193Ia 4500
003 GCL
008 140319s9999 xx 000 0 eng d
040 _aGCL /
_cGCL
082 0 4 _a330.9
_bC E
100 1 _aCIPOLLA, CARLO M
245 1 0 _aTHE ECONOMIC HISTORY OF WORLD POPULATION /
_cCIPOLLA, CARLO M
260 _a[S.N] :
_bPENGUIN BOOKS ،
_c1964
300 _a127 P
650 0 4 _aWORLD POPULATION
650 0 4 _aECONOMICS
650 0 4 _aPOPULATION
650 0 4 _aECONOMIC HISTORY
942 _2ddc
_cBK
999 _c15204
_d15204